Normal view
MARC view
- Rogalski, Mircea S
Entry Personal Name
001 - CONTROL NUMBER
- control field: 96057
003 - CONTROL NUMBER IDENTIFIER
- control field: NUST
005 - DATE AND TIME OF LATEST TRANSACTION
- control field: 20220801135444.0
008 - FIXED-LENGTH DATA ELEMENTS
- fixed length control field: 220801|| aca||aabn | a|a d
040 ## - CATALOGING SOURCE
- Original cataloging agency: NUST
- Transcribing agency: NUST
100 ## - HEADING--PERSONAL NAME
- Personal name: Rogalski, Mircea S
670 ## - SOURCE DATA FOUND
- Source citation: Work cat.: (NUST)195293: Rogalski, Mircea S., Advanced university physics, 2005
